000 00566nam a2200193 a 4500
005 20240601063702.0
008 991125s1978 bue 000 0 spa u
035 _aUPN01000049713
049 _aCG
050 4 _aLB1051
_bJ8.68 1978
100 1 _aJung, Carl Gustav,
_d1875-1961
245 1 0 _aPsicología y educación /
_cC.G. Jung ; tr. Ida Germán de Butelman.
250 _a6a ed.
260 _aBuenos Aires :
_bPaidós,
_c1978.
300 _a101 p.
440 0 _aBiblioteca de psicopedagogía Paidós ;
_v6
650 4 _aPsicopedagogía
_95085
905 _aLibro
999 _c49713
_d49713